Diccionario introductorio de psicoanálisis Lacaniano

Αποθηκεύτηκε σε:
Λεπτομέρειες βιβλιογραφικής εγγραφής
Κύριος συγγραφέας: Evans, Dylan
Μορφή: Βιβλίο
Γλώσσα:Undetermined
Έκδοση: México, Distrito Federal Editorial Paidós 1997
Θέματα:
Ετικέτες: Προσθήκη ετικέτας
Δεν υπάρχουν, Καταχωρήστε ετικέτα πρώτοι!

MARC

LEADER 00000nam a2200000Ia 4500
008 170316s9999 xx 000 0 und d
040 |a cru BVZT 
090 |a REF 
100 |a Evans, Dylan 
245 |a Diccionario introductorio de psicoanálisis Lacaniano 
260 |a México, Distrito Federal 
260 |b Editorial Paidós 
260 |c 1997 
300 |a 217 páginas 
650 |a REFERENCIA 
650 |a DICCIONARIO DE PSICOANÁLISIS 
942 |c REF 
999 |c 14925  |d 14925